00568nam a2200157 i 450000100060000000300090000600500170001500700030003200800410003510000590007624501300013526000700026530000210033565000310035685200230038775553ES-MaACL20230906172514.0t|160603q1915 xxk ||||1| spa d1 aGrey de Fallodon, Edward Grey cVizconde (d1862-1933)10aDiscurso pronunciado por el muy honorable Sir Edward Grey ... en el Salón Bechstein, Londres, el lunes 22 de marzo de 1915. aParis ; aEdimburgo ... [etc.] : bThomas Nelson & Sons, c[1915] a16 p. ; c17 cm.04aGuerra mundial, 1914-1918. aES-MaACLj1578-F-4